تفسیر فتح المنان تفسیر حقا نی (Record no. 64868)
[ view plain ]
| 000 -LEADER | |
|---|---|
| fixed length control field | 00282nam a22001097a 4500 |
| 082 ## - DEWEY DECIMAL CLASSIFICATION NUMBER | |
| Classification number | 697.16 ع ب د |
| 100 ## - MAIN ENTRY--AUTHOR NAME | |
| Personal name | مولانا ابو محمد |
| 245 ## - TITLE STATEMENT | |
| Title | تفسیر فتح المنان تفسیر حقا نی |
| 260 ## - PUBLICATION, DISTRIBUTION, ETC. (IMPRINT) | |
| Place of publication | کراچی |
| Year of publication | ۱۹۹۳ |
| 300 ## - PHYSICAL DESCRIPTION | |
| Number of Pages | ۶۰۴ |
| 942 ## - ADDED ENTRY ELEMENTS (KOHA) | |
| Koha item type | Books |
| Withdrawn status | Lost status | Collection code | Home library | Current library | Date acquired | Full call number | Accession Number | Koha item type |
|---|---|---|---|---|---|---|---|---|
| Reference | Reference Section | Reference Section | 02/07/2019 | 697.16 ع ب د (Shelf - 18E) | R7440 | Books |